Star Wars The Clone Wars - Statistiken

Allgemein
  • Dieses Quiz wurde 590 mal gespielt
    431 seit der letzten Aktualisierung
  • Das Durchschnittsergebnis liegt bei 8 aus 11
Antwortstatistiken
Hint Antwort % Korrekt
Wie heißt der Kopfgeldjäger mit blauem Gesicht und Hut? Cad Bane
95%
Welcher Kopfgeldjäger mit Mandalorianer-Rüstung wurde von Mace Windu enthauptet? Jango Fett
94%
Welcher Klonoffizier war der Anführer der 501. Legion? Captain Rex
93%
Wie lautet der Name der dunklen Jedi, die als Schülerin von Count Dooku agierte Asajj Ventress
89%
Wie heißt der machtsensitive Bruder von Darth Maul, den Mutter Talzin auf Dathomir ausbilden ließ? Savage Opress
87%
Welcher legendäre Kopfgeldjäger arbeitete oft mit Aurra Sing zusammen? Boba Fett
83%
Wie hieß der Klon, der sein eigenes Bewusstsein entwickelte und gegen die Order 66 rebellierte? Fives
83%
Welcher ehemalige Jedi-Meister verriet die Republik und verbündete sich mit den Separatisten auf Umbara? Pong Krell
67%
Wer war die Anführerin der Nachtschwestern von Dathomir? Mutter Talzin
59%
Welches Mitglied der Death Watch führte die Gruppe nach der Spaltung von Pre Vizsla weiter? Bo-Katan
53%
Welcher Klon, ein Mitglied der Domino-Staffel, war der erste, der im Einsatz starb? Hevy
38%
Keine übereinstimmenden Quizze gefunden
Verteilung der Resultate
Anzahl Personen mit jedem Resultat
Perzentil nach korrekt beantworteten Fragen
Ihre Resultats-Entwicklung
Sie haben dieses Quiz seit der letzten Aktualisierung nicht gespielt